| Tag |
First Indicator |
Second Indicator |
Subfields |
| LEADER |
00000uam a2200000 a 4500 |
| 001 |
in00004259921 |
| 005 |
20260130165050.8 |
| 006 |
m o d |
| 007 |
cr cn |
| 008 |
100513s2009 xx o eng |
| 020 |
|
|
|z 9780470287613
|
| 020 |
|
|
|z 0470287616
|
| 035 |
|
|
|a (CaSebORM)9780470287613
|
| 040 |
|
|
|d UtOrBLW
|
| 041 |
0 |
|
|a eng
|
| 100 |
1 |
|
|a Windischman, Woody,
|e author.
|
| 245 |
1 |
0 |
|a Professional Microsoft® SharePoint® Designer 2007 /
|c Windischman, Woody.
|
| 250 |
|
|
|a 1st edition.
|
| 264 |
|
1 |
|b Wrox,
|c 2009.
|
| 300 |
|
|
|a 1 online resource (549 pages)
|
| 336 |
|
|
|a text
|b txt
|2 rdacontent
|
| 337 |
|
|
|a computer
|b c
|2 rdamedia
|
| 338 |
|
|
|a online resource
|b cr
|2 rdacarrier
|
| 347 |
|
|
|a text file
|
| 520 |
|
|
|a With Professional Microsoft Office SharePoint Designer 2007 , you can master all aspects of using Share Point Designer in an Enterprise environment to enhance Microsoft SharePoint Products and Technologies. Review key integration points, how to use CSS editing tools to create and modify SharePoint themes, how to supplement SharePoint Designer functionality by using Microsoft Visual Studio, and how to create a rich interactive experience. If you need to connect SharePoint with other enterprise resources or create components to integrate into the SharePoint framework, this book will show you how to accomplish these tasks.
|
| 533 |
|
|
|a Electronic reproduction.
|b Boston, MA :
|c Safari,
|n Available via World Wide Web.
|
| 538 |
|
|
|a Mode of access: World Wide Web.
|
| 542 |
|
|
|f Copyright © Wrox
|
| 588 |
|
|
|a Online resource; Title from title page (viewed January 9, 2009)
|
| 500 |
|
|
|a Electronic resource.
|
| 655 |
|
7 |
|a Electronic books.
|2 local
|
| 700 |
1 |
|
|a Phillips, Bryan,
|e author.
|0 http://id.loc.gov/authorities/names/no98058342
|
| 700 |
1 |
|
|a Rehmani, Asif,
|e author.
|0 http://id.loc.gov/authorities/names/n2008078686
|
| 710 |
2 |
|
|a Safari, an O'Reilly Media Company.
|
| 856 |
4 |
0 |
|u https://proxy.library.tamu.edu/login?url=https://go.oreilly.com/TAMU/library/view/-/9780470287613/?ar
|z Connect to this electronic resource
|t 0
|
| 999 |
f |
f |
|s aa514373-b0f4-3aa9-aa67-faf56fba67fd
|i 48c44429-c360-3998-b5e3-fe9dc6837e64
|t 0
|
| 952 |
f |
f |
|a Texas A&M University
|b College Station
|c Electronic Resources
|s www_evans
|d Available Online
|t 0
|h No information provided
|
| 998 |
f |
f |
|t 0
|l Available Online
|